Aldo Solari y su papel en la modernización de la sociología uruguaya /

Zapisane w:
Opis bibliograficzny
1. autor: Errandonea, Alfredo
Format: Texto
Hasła przedmiotowe:
Etykiety: Dodaj etykietę
Nie ma etykietki, Dołącz pierwszą etykiete!

MARC

LEADER 00000 a a2200000 04500
001 44783
003
040
100 |a Errandonea, Alfredo  
245 |a Aldo Solari y su papel en la modernización de la sociología uruguaya /  |c Alfredo Errandonea  
650 |a ALDO SOLARI  
650 |a SOCIOLOGIA  
650 |a CAMBIO SOCIAL  
650 |a DESARROLLO SOCIAL  
650 |a AMERICA LATINA  
650 |a ESTRUCTURA SOCIAL  
773 |g páginas 148-158  
999 |c 35175  |d 35175